000 00734nam a2200277Ia 4500
001 19347
005 20240113235926.0
007 ta
008 060207s1964 a g b000 u 465 u
040 _aCotton College,Assam
041 _a465
082 _a530
_bBo 64 Re
100 _aBondi, Hermann.
245 0 _aRelativity and Common Sense: A New Approach to Einstein /
_cHermann Bondi.
_hTextual Documents
250 _a1st ed. /
260 _aNew York :
_bDover Publications Inc. ,
_cC1964.
300 _a177p. :
_bill ;
_c18cm .
504 _aIndex
653 _aRelativity
653 _aG-Physics
942 _2ddc
_cBK
999 _c19329
_d19329